00448nam a22001577a 4500003000400000020001500004082001500019100001900034245003900053260002800092300000900120650002200129942001200151952011000163999001700273SGT a0961161493 a320.bK92M aMADHAK, BALRAJ aKASHMIR: THE STORM CENTER OF WORLD bA GHOSH PUBLISHERc1992 a3001 aPOLITICAL SCIENCE 2ddccBK 00102ddc4071aCLbCLcREFd2024-12-12iSGTUl0o320. K92MpCH1005r2024-12-12 00:00:00w2024-12-12yBK c28039d28039